Statistics for オセアニアの首都

Click here to take the quiz!

General Stats

  • This quiz has been taken 42 times
  • The average score is 6 of 14

Answer Stats

首都% Correct
オーストラリアキャンベラ
91%
ニュージーランドウェリントン
74%
ナウルヤレン
56%
パプアニューギニアポートモレスビー
53%
トンガヌクアロファ
47%
サモアアピア
44%
フィジースバ
41%
キリバスタラワ
41%
バヌアツポートビラ
38%
ツバルフナフティ
35%
ソロモン諸島ホニアラ
32%
パラオマルキョク
26%
ミクロネシア連邦パリキール
24%
マーシャル諸島マジュロ
21%

Score Distribution

Percentile by Number Answered

Percent of People with Each Score

Your Score History

You have not taken this quiz